How do I know what data I`ve got! (Record no. 94429)

MARC details
000 -LEADER
fixed length control field 01940cam a2200541 4500
001 - CONTROL NUMBER
control field
008 - FIXED-LENGTH DATA ELEMENTS--GENERAL INFORMATION
fixed length control field 090401t1991 xxu||||| |||| 00| 0 eng d
020 ## - INTERNATIONAL STANDARD BOOK NUMBER
International Standard Book Number 1874059012
035 ## - SYSTEM CONTROL NUMBER
System control number (Sirsi) u62511
041 ## - LANGUAGE CODE
Language code of text/sound track or separate title eng
050 ## - LIBRARY OF CONGRESS CALL NUMBER
Classification number 333.70285
-- 18
110 ## - MAIN ENTRY--CORPORATE NAME
Corporate name or jurisdiction name as entry element Midlands Regional Research Laboratory
9 (RLIN) 1593
245 ## - TITLE STATEMENT
Title How do I know what data I`ve got!
Remainder of title a symposium on approaches to the handling of spatial metadata
260 ## - PUBLICATION, DISTRIBUTION, ETC.
Place of publication, distribution, etc. London
Name of publisher, distributor, etc. AGI
Date of publication, distribution, etc. 1991
300 ## - PHYSICAL DESCRIPTION
Extent 58p.
Dimensions 30cm.
350 ## - PRICE (NR) (BK AM CF MU VM SE) [OBSOLETE]
Price 0
490 ## - SERIES STATEMENT
Series statement AGI Education, Training and Research Committee Publication
505 ## - FORMATTED CONTENTS NOTE
Formatted contents note Introduction : the problem
505 ## - FORMATTED CONTENTS NOTE
Formatted contents note Metadata cataloguing standards
505 ## - FORMATTED CONTENTS NOTE
Formatted contents note Data auditing
505 ## - FORMATTED CONTENTS NOTE
Formatted contents note Building a data dictionary
505 ## - FORMATTED CONTENTS NOTE
Formatted contents note Access and security issues
505 ## - FORMATTED CONTENTS NOTE
Formatted contents note User oriented enquiry facilities
505 ## - FORMATTED CONTENTS NOTE
Formatted contents note A menu aided retrieval system (MARS) for use in accessing geo-spatial data in a relational database management system
505 ## - FORMATTED CONTENTS NOTE
Formatted contents note The NEXPRI information databank: a meta-information system on GIS activities in the Netherlands
505 ## - FORMATTED CONTENTS NOTE
Formatted contents note Meta-information systems at the National Land Survey of Sweden
505 ## - FORMATTED CONTENTS NOTE
Formatted contents note The MRRL`s information retrieval and access system, MIRAS
520 ## - SUMMARY, ETC.
Summary, etc. Papers presented at the symposium held at University of Technology, Loughborough 13 December 1990.
690 ## - LOCAL SUBJECT ADDED ENTRY--TOPICAL TERM (OCLC, RLIN)
Topical term or geographic name as entry element MAPPING AND MEASUREMENT
700 ## - ADDED ENTRY--PERSONAL NAME
Personal name Medyckyj-Scott, David
International Standard Serial Number Editor
700 ## - ADDED ENTRY--PERSONAL NAME
Personal name Lillywhite, J. Dawson
700 ## - ADDED ENTRY--PERSONAL NAME
Personal name Burnhill, P.
700 ## - ADDED ENTRY--PERSONAL NAME
Personal name Cornelius, S.
700 ## - ADDED ENTRY--PERSONAL NAME
Personal name Newman, I. A
700 ## - ADDED ENTRY--PERSONAL NAME
Personal name Blakemore, M.
700 ## - ADDED ENTRY--PERSONAL NAME
Personal name Medyckyj-Scott, D.
700 ## - ADDED ENTRY--PERSONAL NAME
Personal name Robson, P.
700 ## - ADDED ENTRY--PERSONAL NAME
Personal name Adlam, K. McL.
700 ## - ADDED ENTRY--PERSONAL NAME
Personal name Otten, H.
700 ## - ADDED ENTRY--PERSONAL NAME
Personal name Andee, R.
700 ## - ADDED ENTRY--PERSONAL NAME
Personal name Akervall, L.
700 ## - ADDED ENTRY--PERSONAL NAME
Personal name Degerstedt, K.
700 ## - ADDED ENTRY--PERSONAL NAME
Personal name Rystedt, Bengt.
700 ## - ADDED ENTRY--PERSONAL NAME
Personal name Ruggles, C.
710 ## - ADDED ENTRY--CORPORATE NAME
Corporate name or jurisdiction name as entry element Association for Geographic Information
9 (RLIN) 166
942 ## - ADDED ENTRY ELEMENTS (KOHA)
Suppress in OPAC 0
948 ## - LOCAL PROCESSING INFORMATION (OCLC); SERIES PART DESIGNATOR (RLIN)
c (OCLC) 04/03/1997
Holdings
Withdrawn status Lost status Source of classification or shelving scheme Damaged status Not for loan Home library Current library Shelving location Date acquired Total Checkouts Full call number Barcode Date last seen Copy number Price effective from Koha item type
    Dewey Decimal Classification     London London Basement 05/02/1992   SHELF 205 30025650 06/08/2019 2 06/08/2019 Book